Návrh klasifikácie menovitých investičných akcií podľa vybraných odvetvových a územných kritérií za účelom tvorby plnenia investičného plánu štúdia spracovaná v rámci plnenia vládneho uznesenia č. 113/78

Na minha lista:
Detalhes bibliográficos
Autor principal: Krnáč, Pavol
Formato: Livro
Idioma:eslovaco
Publicado em: Bratislava Vysoká škola ekonomická 1979
Tags: Adicionar Tag
Sem tags, seja o primeiro a adicionar uma tag!

MARC

LEADER 00000nam a2200000 4500
001 c141075
005 20250703081625.8
041 0 |a slo 
044 |a SK 
245 1 0 |a Návrh klasifikácie menovitých investičných akcií podľa vybraných odvetvových a územných kritérií za účelom tvorby plnenia investičného plánu  |b štúdia spracovaná v rámci plnenia vládneho uznesenia č. 113/78  |c Pavol Krnáč 
264 1 |a Bratislava  |b Vysoká škola ekonomická  |c 1979 
300 |a 43 s. 
100 1 |a Krnáč, Pavol